Theories et methodes de la statistique
Αποθηκεύτηκε σε:
| Κύριος συγγραφέας: | |
|---|---|
| Μορφή: | Βιβλίο |
| Γλώσσα: | French |
| Δημοσίευση: |
Paris :
Technip,
1978
|
| Σειρά: | Publications de l'Institut franncais du petrole
|
| Θέματα: | |
| Ετικέτες: |
Προσθήκη ετικέτας
Δεν υπάρχουν, Καταχωρήστε ετικέτα πρώτοι!
|
MARC
| LEADER | 00000cam a2200000 i 4500 | ||
|---|---|---|---|
| 001 | 1/57354 | ||
| 008 | 941103s1978 fre d | ||
| 020 | |a 2710803518 | ||
| 035 | |l 10045725 | ||
| 035 | |a 1987 |c ΒΑΓΙΑΤΗΣ | ||
| 040 | |a GR-MY-UA |b gre |e aacr | ||
| 041 | 0 | |a fre | |
| 082 | 0 | |a 519.5 | |
| 100 | 1 | |a Saporta, G. |q (Gilbert) | |
| 245 | 1 | 0 | |a Theories et methodes de la statistique / |c par G. Saporta |
| 260 | |a Paris : |b Technip, |c 1978 | ||
| 300 | |a 386 p.; |b graphs; |c 24 cm | ||
| 490 | 1 | |a Publications de l'Institut franncais du petrole | |
| 500 | |a At head of title: Institut franπcais du petrole, βEcole nationale superieure du petrole et des moteurs, Centre d'etudes superieures d'economie petroliere | ||
| 504 | |a Bibliography: p. 385-386 | ||
| 650 | 0 | 0 | |a Mathematical statistics. |
| 650 | 0 | 0 | |a Probabilities. |
| 830 | 0 | |a Publications de l'Institut franncais du petrole | |
| 852 | |a INST |b SAMOS |e 19941103 |h 519.5 SAP |p 005300002950 |q 005300002950 |t BK |y 0 | ||
| 909 | |a Σ |b 008254 | ||